Kimutatás

Finančný prehľad zisku z akcie hasičského zboru v Humennom (vysviacka zástavy zboru) v júli 1914. Čistý zisk 1012 korún 97 halierov. Menoslov darcov a výška príspevku.

Podrobná bibliografia
Médium: Článok
Jazyk:Hungarian
Témy:
Zdroj: 1. Felvidéki Hirlap 1. Roč. 7, č. 30 (02.08.1914) s. 3
LEADER 00958nab#a2200301#ar4500
001 000074569
003 SVKKK
005 20050120xxxxxxx.
008 06 c xo huno
FMT
038 |a SVKKK 
040 |a SVKKK  |b slo  |e AACR2 
041 0 |a hun 
044 |a xo  |c SK 
080 |a 614.84:061.2 
242 1 0 |a Ukazovateľ 
245 0 0 |a Kimutatás 
500 |a mikrofilm 
520 2 |a Finančný prehľad zisku z akcie hasičského zboru v Humennom (vysviacka zástavy zboru) v júli 1914. Čistý zisk 1012 korún 97 halierov. Menoslov darcov a výška príspevku. 
650 0 4 |a ukazovatele finančné (vyúčtovanie) - vysviacka zástavy (akcia) - Humenský dobrovoľný hasičský zbor (organizátor) - Humenné - júl 1914 - texty 
773 0 |t Felvidéki Hirlap  |g Roč. 7, č. 30 (02.08.1914) s. 3 
957 |a Humenné 
958 |a DG 
958 |a SK 
974 |a Ba  |d 20050120 
992 |a RBX 
BAS
998 |a RETRO